[Event "Giorgio Porreca Cup 4th"]
[Site "Napoli"]
[Date "2014.11.06"]
[Round "6"]
[White "Somma, Andrea"]
[Black "Supino, Domenico"]
[Result "1-0"]
[WhiteElo "1866"]
[BlackElo "2059"]
[PlyCount "89"]
[EventDate "2014.09.25"]
[EventType "swiss"]
[EventRounds "7"]
[EventCountry "ITA"]
[SourceTitle "EXT 2016"]
[Source "ChessBase"]
[SourceDate "2015.10.08"]
[SourceVersion "1"]
[SourceVersionDate "2015.10.08"]
[SourceQuality "1"]

1. e4 Nf6 2. d3 e5 3. Nf3 Nc6 4. Be2 d5 5. Nbd2 g6 6. 0-0 Bg7 7. Re1 0-0 8. Bf1 Re8 9. c3 a5 10. a4 b6 11. Qc2 h6 12. Nb3 Bb7 13. Be3 Qc8 14. Rad1 dxe4 15. dxe4 Qg4 16. h3 Qe6 17. Nbd2 Ba6 18. Bxa6 Rxa6 19. b3 Raa8 20. Nc4 Rad8 21. Na3 Qe7 22. Nb5 Nb8 23. Bc1 c5 24. Nd2 Qb7 25. f3 Re6 26. Nc4 Rxd1 27. Rxd1 Nc6 28. Rd3 Ne8 29. Qd1 Nb8 30. Rd8 Kh7 31. Qd2 Re7 32. Rxe8 Rxe8 33. Nbd6 Qe7 34. Nxe8 Qxe8 35. Nxb6 Qe6 36. Nc4 Nc6 37. Qd6 Qxd6 38. Nxd6 Kg8 39. Ba3 Nd4 40. cxd4 cxd4 41. Nc4 h5 42. Bc1 Bf8 43. Nxa5 Bb4 44. Nc4 Kf8 45. Ba3 1-0

[Event "Napoli Porreca Memorial 3rd"]
[Site "Napoli"]
[Date "2013.10.24"]
[Round "5"]
[White "Lombardo, Claudio"]
[Black "Somma, Andrea"]
[Result "0-1"]
[WhiteElo "1838"]
[BlackElo "1852"]
[PlyCount "97"]
[EventDate "2013.09.26"]
[EventType "swiss"]
[EventRounds "7"]
[EventCountry "ITA"]
[SourceTitle "EXT 2015"]
[Source "ChessBase"]
[SourceDate "2014.11.20"]
[SourceVersion "1"]
[SourceVersionDate "2014.11.20"]
[SourceQuality "1"]

1. d4 g6 2. Nf3 Bg7 3. c4 d6 4. Nc3 Nd7 5. e4 b6 6. Be2 e6 7. 0-0 Ne7 8. Be3 0-0 9. Qd2 f5 10. Bh6 c5 11. Bxg7 Kxg7 12. Ng5 Nf6 13. Bf3 Rb8 14. Rad1 h6 15. e5 dxe5 16. dxe5 Qxd2 17. exf6+ Kxf6 18. Nh7+ Kg7 19. Rxd2 Kxh7 20. Nb5 a6 21. Nd6 e5 22. Nxc8 Rbxc8 23. Rd7 Rfe8 24. Rb7 e4 25. Be2 Rb8 26. Ra7 a5 27. Rd1 Kg8 28. Rdd7 Kf7 29. f3 e3 30. f4 Rbd8 31. Rdc7 Rd2 32. Kf1 Rxb2 33. Bf3 Kf6 34. g4 e2+ 35. Bxe2 Rxe2 36. Kxe2 Nc8+ 37. Kf3 Nxa7 38. Rxa7 fxg4+ 39. Kxg4 Re2 40. Rb7 h5+ 41. Kf3 Rxh2 42. Rxb6+ Kf5 43. Rb5 Rxa2 44. Rxc5+ Kf6 45. Rc6+ Kg7 46. Rc7+ Kh6 47. Rc6 a4 48. f5 Ra3+ 49. Kf4 0-1

[Event "Napoli Antica Scuola 1st"]
[Site "Napoli"]
[Date "2013.03.07"]
[Round "3"]
[White "Somma, Andrea"]
[Black "Esposito, Pino"]
[Result "1/2-1/2"]
[WhiteElo "1923"]
[BlackElo "1801"]
[PlyCount "128"]
[EventDate "2013.02.21"]
[EventType "swiss"]
[EventRounds "7"]
[EventCountry "ITA"]
[SourceTitle "EXT 2014"]
[Source "ChessBase"]
[SourceDate "2013.11.20"]
[SourceVersion "1"]
[SourceVersionDate "2013.11.20"]
[SourceQuality "1"]

1. e4 c5 2. Nf3 d6 3. d4 cxd4 4. Nxd4 Nf6 5. Nc3 a6 6. Bc4 e6 7. Bb3 Be7 8. Be3 Qc7 9. f4 Nc6 10. Qf3 Bd7 11. g4 h6 12. 0-0-0 Na5 13. h4 Rc8 14. g5 Ng8 15. Kb1 b5 16. g6 Nxb3 17. gxf7+ Kxf7 18. cxb3 b4 19. Nce2 Qb7 20. Rhg1 Nf6 21. Ng3 g6 22. Rde1 Qc7 23. h5 Rcg8 24. hxg6+ Kf8 25. Nh5 Nxh5 26. Qxh5 Bf6 27. f5 e5 28. Bxh6+ Ke7 29. Nf3 Qc8 30. Ng5 Bxf5 31. exf5 Qxf5+ 32. Ka1 Rxg6 33. Bf8+ Rxf8 34. Qh7+ Bg7 35. Qh1 Rxg5 36. Qb7+ Ke6 37. Qxa6 Rxg1 38. Rxg1 Qe4 39. a4 bxa3 40. Rxg7 axb2+ 41. Kxb2 Qd4+ 42. Kb1 Qe4+ 43. Kb2 Ra8 44. Qc4+ Qxc4 45. bxc4 Rf8 46. Kc3 Rf3+ 47. Kb4 e4 48. Rg1 e3 49. Re1 Ke5 50. c5 dxc5+ 51. Kxc5 Ke4 52. Kc4 Rf2 53. Kc3 Rd2 54. Rf1 Rd5 55. Rf8 e2 56. Re8+ Kf3 57. Rf8+ Ke3 58. Re8+ Kf2 59. Rf8+ Ke1 60. Ra8 Rd1 61. Kc2 Kf2 62. Rf8+ Ke3 63. Re8+ Kf2 64. Rf8+ Ke3 1/2-1/2

[Event "Napoli Province-ch"]
[Site "Napoli"]
[Date "2012.12.20"]
[Round "6"]
[White "Messina, Enrico"]
[Black "Somma, Andrea"]
[Result "1-0"]
[WhiteElo "2225"]
[BlackElo "1863"]
[PlyCount "61"]
[EventDate "2012.11.22"]
[EventType "swiss"]
[EventRounds "7"]
[EventCountry "ITA"]
[SourceTitle "EXT 2014"]
[Source "ChessBase"]
[SourceDate "2013.11.20"]
[SourceVersion "1"]
[SourceVersionDate "2013.11.20"]
[SourceQuality "1"]

1. e4 d5 2. exd5 Qxd5 3. Nf3 Bg4 4. Be2 Nf6 5. h3 Bh5 6. 0-0 Nc6 7. Nc3 Qd7 8. b4 Nd5 9. Nxd5 Qxd5 10. c4 Qd8 11. b5 Bxf3 12. Bxf3 Ne5 13. Bxb7 Rb8 14. Bd5 e6 15. Re1 Bd6 16. d4 exd5 17. dxe5 Bb4 18. Bd2 Bxd2 19. Qxd2 dxc4 20. Qb4 Qd7 21. a4 c6 22. Rad1 Qe7 23. Qxc4 cxb5 24. Qc6+ Kf8 25. Rd7 Qe8 26. axb5 Kg8 27. e6 f6 28. Qc7 Rc8 29. Rxg7+ Kf8 30. Rf7+ Kg8 31. Qg3# 1-0

[Event "Napoli Porreca Memorial 2nd"]
[Site "Napoli"]
[Date "2012.11.08"]
[Round "7"]
[White "Somma, Andrea"]
[Black "Esposito, Luca"]
[Result "0-1"]
[WhiteElo "1863"]
[BlackElo "2256"]
[PlyCount "68"]
[EventDate "2012.09.20"]
[EventType "swiss"]
[EventRounds "7"]
[EventCountry "ITA"]
[SourceTitle "EXT 2014"]
[Source "ChessBase"]
[SourceDate "2013.11.20"]
[SourceVersion "1"]
[SourceVersionDate "2013.11.20"]
[SourceQuality "1"]

1. d3 c5 2. e4 Nc6 3. Nf3 g6 4. g3 Bg7 5. Bg2 e6 6. 0-0 Nge7 7. Nbd2 0-0 8. Re1 d6 9. c3 Rb8 10. Nf1 b5 11. d4 b4 12. dxc5 bxc3 13. cxd6 cxb2 14. Bxb2 Rxb2 15. dxe7 Qxe7 16. Rc1 Nb4 17. a3 Na2 18. Rc6 Qxa3 19. Ne3 Nc3 20. Qc1 Ra2 21. Qxa3 Rxa3 22. Nc4 Ra2 23. Nd6 Ba6 24. e5 Nd5 25. Nd4 Nb4 26. Rc7 Nd3 27. Re2 Ra1+ 28. Bf1 Bxe5 29. Nb3 Bxd6 30. Nxa1 Bxc7 31. Ra2 Bb5 32. Rxa7 Bb6 33. Bxd3 Bxa7 34. Bxb5 Rb8 0-1

[Event "Napoli Porreca Memorial 2nd"]
[Site "Napoli"]
[Date "2012.10.18"]
[Round "5"]
[White "Somma, Andrea"]
[Black "Di Gennaro, Antonio"]
[Result "1-0"]
[WhiteElo "1863"]
[BlackElo "1666"]
[PlyCount "43"]
[EventDate "2012.09.20"]
[EventType "swiss"]
[EventRounds "7"]
[EventCountry "ITA"]
[SourceTitle "EXT 2014"]
[Source "ChessBase"]
[SourceDate "2013.11.20"]
[SourceVersion "1"]
[SourceVersionDate "2013.11.20"]
[SourceQuality "1"]

1. e4 c5 2. Nf3 d6 3. d4 cxd4 4. Nxd4 Nf6 5. Nc3 a6 6. Bc4 e6 7. Bb3 Nbd7 8. Be3 Nc5 9. f3 Be7 10. Qd2 Bd7 11. g4 Nxb3 12. Nxb3 0-0 13. 0-0-0 b5 14. Kb1 Rb8 15. g5 Ne8 16. h4 g6 17. h5 a5 18. Qh2 Bxg5 19. hxg6 h6 20. f4 fxg6 21. fxg5 h5 22. Rhg1 1-0

[Event "Napoli Sociale-ch"]
[Site "Napoli"]
[Date "2012.07.05"]
[Round "6"]
[White "Seletsky, Grigory"]
[Black "Somma, Andrea"]
[Result "1-0"]
[WhiteElo "2338"]
[BlackElo "1807"]
[PlyCount "73"]
[EventDate "2012.05.31"]
[EventType "swiss"]
[EventRounds "7"]
[EventCountry "ITA"]
[SourceTitle "EXT 2018"]
[Source "ChessBase"]
[SourceDate "2017.10.13"]
[SourceVersion "1"]
[SourceVersionDate "2017.10.13"]
[SourceQuality "1"]

1. e4 d5 2. exd5 Qxd5 3. Nf3 Nf6 4. d4 c6 5. Be2 Bf5 6. 0-0 e6 7. c4 Qa5 8. Nc3 Bb4 9. Qb3 Nbd7 10. Nh4 0-0 11. Nxf5 exf5 12. Bd2 Bxc3 13. Bxc3 Qb6 14. Qc2 Ne4 15. a4 Nxc3 16. bxc3 g6 17. a5 Qc7 18. c5 Rfe8 19. Bc4 a6 20. Rfb1 Nf6 21. Rb6 Re7 22. g3 Rae8 23. Kg2 Re1 24. Rab1 Rxb1 25. Qxb1 Re7 26. Qc1 Kg7 27. Qb2 Kg8 28. Ba2 f4 29. c4 Qd7 30. Rb3 Qg4 31. Rf3 fxg3 32. hxg3 Qe4 33. Bb1 Qe6 34. d5 Nxd5 35. cxd5 Qxd5 36. Ba2 Qg5 37. Qb3 1-0

[Event "Napoli Sociale-ch"]
[Site "Napoli"]
[Date "2012.06.07"]
[Round "2"]
[White "Capozzoli, Silvio"]
[Black "Somma, Andrea"]
[Result "0-1"]
[WhiteElo "1886"]
[BlackElo "1807"]
[PlyCount "90"]
[EventDate "2012.05.31"]
[EventType "swiss"]
[EventRounds "7"]
[EventCountry "ITA"]
[SourceTitle "EXT 2018"]
[Source "ChessBase"]
[SourceDate "2017.10.13"]
[SourceVersion "1"]
[SourceVersionDate "2017.10.13"]
[SourceQuality "1"]

1. e4 d5 2. exd5 Qxd5 3. Nc3 Qa5 4. d4 Nf6 5. Bd3 c6 6. Bd2 Bg4 7. Nge2 e6 8. f3 Bh5 9. Ne4 Qd8 10. Bg5 Be7 11. c3 Nbd7 12. Nf4 Bg6 13. Nxg6 hxg6 14. Qb3 Qb6 15. Qxb6 Nxb6 16. Bf4 Nfd5 17. Be5 f6 18. Bg3 Kf7 19. a3 Rad8 20. c4 Ne3 21. Bc7 Rd7 22. Bxb6 axb6 23. Kf2 Nf5 24. d5 cxd5 25. cxd5 exd5 26. Nc3 Bc5+ 27. Ke2 Ne3 28. Bb5 Re7 29. Kd3 Rd8 30. b4 Bd6 31. g3 Be5 32. Rac1 Bxc3 33. Rxc3 Nf5 34. Kd2 d4 35. Bc4+ Kf8 36. Rd3 Nd6 37. Bb3 Nb5 38. a4 Nc3 39. Re1 Rxe1 40. Kxe1 Re8+ 41. Kf1 Rd8 42. Bc2 f5 43. Rd2 Nd5 44. b5 Ne3+ 45. Ke2 Nxc2 0-1

[Event "Napoli Parthenope op 4th"]
[Site "Napoli"]
[Date "2012.04.26"]
[Round "5"]
[White "Somma, Andrea"]
[Black "Caiazzo, Diego"]
[Result "1/2-1/2"]
[WhiteElo "1807"]
[BlackElo "1871"]
[PlyCount "83"]
[EventDate "2012.03.22"]
[EventType "swiss"]
[EventRounds "7"]
[EventCountry "ITA"]
[SourceTitle "EXT 2018"]
[Source "ChessBase"]
[SourceDate "2017.10.13"]
[SourceVersion "1"]
[SourceVersionDate "2017.10.13"]
[SourceQuality "1"]

1. e4 e6 2. d3 c5 3. Nf3 d6 4. g3 Nf6 5. Bg2 Be7 6. 0-0 0-0 7. Re1 Nc6 8. c3 e5 9. a3 a5 10. a4 b6 11. Na3 Ba6 12. Nb5 Na7 13. Qb3 Nxb5 14. axb5 Bb7 15. Nh4 g6 16. f4 Nh5 17. Nf3 exf4 18. gxf4 Ng7 19. Rf1 Qd7 20. Nd2 Qe6 21. Qxe6 Nxe6 22. Nc4 Ra7 23. Nxb6 Nc7 24. Nd7 Nxb5 25. Nxf8 Bxf8 26. f5 Bc6 27. fxg6 hxg6 28. Bg5 a4 29. Bf6 Bg7 30. e5 Bxg2 31. Kxg2 dxe5 32. Rae1 Bxf6 33. Rxf6 a3 34. bxa3 Nxc3 35. Rxe5 Rxa3 36. Rxc5 Kg7 37. Rf1 Ne2 38. Kf3 Nd4+ 39. Ke4 Nb3 40. Rfc1 Nxc1 41. Rxc1 f5+ 42. Ke3 1/2-1/2

[Event "Napoli Parthenope op 4th"]
[Site "Napoli"]
[Date "2012.04.26"]
[Round "6"]
[White "Supino, Domenico"]
[Black "Somma, Andrea"]
[Result "1-0"]
[WhiteElo "2085"]
[BlackElo "1807"]
[PlyCount "111"]
[EventDate "2012.03.22"]
[EventType "swiss"]
[EventRounds "7"]
[EventCountry "ITA"]
[SourceTitle "EXT 2018"]
[Source "ChessBase"]
[SourceDate "2017.10.13"]
[SourceVersion "1"]
[SourceVersionDate "2017.10.13"]
[SourceQuality "1"]

1. d4 d5 2. c4 c6 3. Nf3 Nf6 4. e3 e6 5. b3 Nbd7 6. Bd3 Ne4 7. 0-0 Bd6 8. Bb2 0-0 9. Nbd2 f5 10. Ne5 Qc7 11. Ndf3 Rf6 12. c5 Be7 13. Rc1 h6 14. Ne1 Nxe5 15. dxe5 Rf8 16. b4 b6 17. Bd4 bxc5 18. bxc5 Qa5 19. Qc2 Rb8 20. g3 Ng5 21. h4 Nf7 22. Ng2 g5 23. Qe2 Qc7 24. Qh5 Kg7 25. f4 g4 26. Bxf5 exf5 27. e6+ Bf6 28. Qxf5 Bxd4 29. Qxg4+ Kh8 30. exd4 Rg8 31. Qe2 Nd8 32. e7 Ne6 33. e8Q Rxe8 34. Qh5 Ba6 35. Rfe1 Qg7 36. Re5 Nc7 37. Rce1 Rxe5 38. Rxe5 Rb1+ 39. Kh2 Rb2 40. Rg5 Qf8 41. Rf5 Qg7 42. Rf7 Ne6 43. Rxg7 Nxg7 44. Qxh6+ Kg8 45. Qxc6 Bf1 46. Qxd5+ Kf8 47. c6 Rxg2+ 48. Qxg2 Bxg2 49. Kxg2 Ne8 50. Kf3 Nd6 51. g4 Ke7 52. d5 Nf7 53. Ke4 Kd6 54. g5 a5 55. h5 a4 56. h6 1-0

[Event "Napoli Parthenope op 4th"]
[Site "Napoli"]
[Date "2012.04.19"]
[Round "4"]
[White "Messina, Enrico"]
[Black "Somma, Andrea"]
[Result "1-0"]
[WhiteElo "2163"]
[BlackElo "1807"]
[PlyCount "47"]
[EventDate "2012.03.22"]
[EventType "swiss"]
[EventRounds "7"]
[EventCountry "ITA"]
[SourceTitle "EXT 2018"]
[Source "ChessBase"]
[SourceDate "2017.10.13"]
[SourceVersion "1"]
[SourceVersionDate "2017.10.13"]
[SourceQuality "1"]

1. e4 d5 2. exd5 Qxd5 3. Nf3 Nf6 4. d4 c6 5. Be2 Bf5 6. 0-0 e6 7. c4 Qa5 8. Nc3 Bb4 9. Nh4 0-0 10. Nxf5 exf5 11. Qb3 Nbd7 12. Bf3 Rfe8 13. a3 Bxc3 14. bxc3 Qb6 15. Rb1 Qxb3 16. Rxb3 Nb6 17. c5 Nbd5 18. c4 Ne7 19. Rxb7 Ne4 20. Be3 Ng6 21. g3 Nf8 22. d5 cxd5 23. cxd5 Red8 24. Rd1 1-0

[Event "Napoli Parthenope op 4th"]
[Site "Napoli"]
[Date "2012.03.22"]
[Round "1"]
[White "Somma, Andrea"]
[Black "Sama, Alfio"]
[Result "1-0"]
[WhiteElo "1807"]
[BlackElo "1440"]
[PlyCount "101"]
[EventDate "2012.03.22"]
[EventType "swiss"]
[EventRounds "7"]
[EventCountry "ITA"]
[SourceTitle "EXT 2018"]
[Source "ChessBase"]
[SourceDate "2017.10.13"]
[SourceVersion "1"]
[SourceVersionDate "2017.10.13"]
[SourceQuality "1"]

1. e4 e5 2. Nf3 Nc6 3. Bc4 h6 4. 0-0 d6 5. c3 Bg4 6. d3 Nf6 7. Nbd2 Qd7 8. Bb5 a6 9. Ba4 b5 10. Bb3 Be7 11. Re1 0-0 12. Nf1 Rfe8 13. Ng3 a5 14. a4 b4 15. h3 Bxh3 16. gxh3 Qxh3 17. Nh2 Qd7 18. Qf3 Rf8 19. Nf5 Nd8 20. Qg2 Nh5 21. Qg4 Kh8 22. Qxh5 Rg8 23. Nxh6 gxh6+ 24. Kh1 Rg7 25. Bxh6 Rh7 26. Rg1 Bf6 27. Ng4 Qe7 28. Ne3 Ne6 29. Nf5 Nf4 30. Nxe7 Nxh5 31. Nf5 Ng7 32. Kg2 Nxf5 33. exf5 Rg8+ 34. Kf3 Rxh6 35. Rh1 Rxh1 36. Rxh1+ Kg7 37. Rg1+ Kf8 38. Rxg8+ Kxg8 39. cxb4 axb4 40. a5 e4+ 41. Kxe4 Bh4 42. a6 Bxf2 43. d4 d5+ 44. Kxd5 c6+ 45. Kc5 Bxd4+ 46. Kxd4 c5+ 47. Kxc5 Kf8 48. a7 Kg7 49. a8Q Kf6 50. Qf8 Kxf5 51. Qxf7+ 1-0

[Event "Napoli Province-ch 2012"]
[Site "Napoli"]
[Date "2012.01.19"]
[Round "5"]
[White "Messina, Enrico"]
[Black "Somma, Andrea"]
[Result "1-0"]
[WhiteElo "2125"]
[BlackElo "1771"]
[PlyCount "68"]
[EventDate "2011.12.15"]
[EventType "swiss"]
[EventRounds "7"]
[EventCountry "ITA"]
[SourceTitle "EXT 2018"]
[Source "ChessBase"]
[SourceDate "2017.10.13"]
[SourceVersion "1"]
[SourceVersionDate "2017.10.13"]
[SourceQuality "1"]

1. e4 d5 2. exd5 Qxd5 3. Nf3 Nf6 4. Be2 Bf5 5. 0-0 e6 6. c4 Qa5 7. d4 c6 8. Nc3 Nbd7 9. Bf4 Bb4 10. Qb3 0-0 11. Nh4 Bxc3 12. bxc3 Nb6 13. Nxf5 exf5 14. Bd3 g6 15. a4 Ne4 16. f3 Nxc3 17. Bd6 Nbxa4 18. Bxf8 Kxf8 19. Qxb7 Qd8 20. d5 cxd5 21. cxd5 Qb6+ 22. Qxb6 Nxb6 23. d6 Rd8 24. Rxa7 Rxd6 25. Ba6 Rd2 26. Rc1 Nbd5 27. Rb7 Na4 28. Bc4 Nac3 29. Ra1 Kg7 30. Rd7 Kf6 31. h4 Ke5 32. Bxd5 Nxd5 33. Rxf7 Kf4 34. Kh2 Ne3 1-0

[Event "Napoli Porreca Cup 1st"]
[Site "Napoli"]
[Date "2011.10.13"]
[Round "4"]
[White "Somma, Andrea"]
[Black "Capozzoli, Silvio"]
[Result "1-0"]
[WhiteElo "1781"]
[BlackElo "1904"]
[PlyCount "41"]
[EventDate "2011.09.22"]
[EventType "swiss"]
[EventRounds "7"]
[EventCountry "ITA"]
[SourceTitle "EXT 2018"]
[Source "ChessBase"]
[SourceDate "2017.10.13"]
[SourceVersion "1"]
[SourceVersionDate "2017.10.13"]
[SourceQuality "1"]

1. e4 d5 2. exd5 Qxd5 3. Nc3 Qd6 4. d4 Nf6 5. Nf3 Bg4 6. Nb5 Qb6 7. c4 a6 8. Nc3 Nc6 9. d5 0-0-0 10. Na4 Qa7 11. Be3 Qb8 12. Qb3 Bxf3 13. gxf3 Na5 14. Qc3 b6 15. b4 Nb7 16. Bh3+ Nd7 17. c5 a5 18. c6 e6 19. cxd7+ Rxd7 20. Nxb6+ Kd8 21. Nxd7 1-0

[Event "Napoli Porreca Cup 1st"]
[Site "Napoli"]
[Date "2011.09.29"]
[Round "2"]
[White "Somma, Andrea"]
[Black "Esposito, Rosario"]
[Result "0-1"]
[WhiteElo "1781"]
[BlackElo "1859"]
[PlyCount "120"]
[EventDate "2011.09.22"]
[EventType "swiss"]
[EventRounds "7"]
[EventCountry "ITA"]
[SourceTitle "EXT 2018"]
[Source "ChessBase"]
[SourceDate "2017.10.13"]
[SourceVersion "1"]
[SourceVersionDate "2017.10.13"]
[SourceQuality "1"]

1. e4 c5 2. Nf3 e6 3. d3 Nc6 4. c3 g6 5. Nbd2 Bg7 6. g3 Nge7 7. Bg2 0-0 8. 0-0 d6 9. Re1 b5 10. Nf1 Rb8 11. d4 b4 12. Be3 bxc3 13. bxc3 Qa5 14. Qd2 Ba6 15. Bh6 cxd4 16. Bxg7 Kxg7 17. Nxd4 Ne5 18. Nb3 Qc7 19. Ne3 Rfc8 20. Red1 Rd8 21. f4 Nc4 22. Nxc4 Bxc4 23. Qd4+ e5 24. fxe5 dxe5 25. Qc5 Qxc5+ 26. Nxc5 Rbc8 27. Nb7 Rd3 28. Rxd3 Bxd3 29. Rd1 Rb8 30. Nc5 Bc4 31. Nd7 Rb5 32. a4 Ra5 33. Rc1 Be6 34. Rd1 Bxd7 35. Rxd7 Nc6 36. Rc7 Rc5 37. Bh3 Rxc3 38. Bd7 Rc1+ 39. Kf2 Rc2+ 40. Ke3 Nd4 41. Rxc2 Nxc2+ 42. Kd3 Nd4 43. Kc4 f5 44. Kd5 Kf6 45. a5 Nf3 46. exf5 gxf5 47. g4 e4 48. Bxf5 e3 49. Bd3 Ng1 50. Kc6 e2 51. Bxe2 Nxe2 52. Kb7 Nd4 53. a6 Nc2 54. Kxa7 Nb4 55. Kb6 Nxa6 56. Kxa6 Kg5 57. Kb5 Kxg4 58. Kc4 Kh3 59. Kd3 Kxh2 60. Ke3 Kg3 0-1

[Event "Porto San Giorgio op 23rd"]
[Site "Porto San Giorgio"]
[Date "2011.08.23"]
[Round "4"]
[White "Somma, Andrea"]
[Black "Conti, Ferdinando"]
[Result "1-0"]
[WhiteElo "1851"]
[BlackElo "1800"]
[PlyCount "59"]
[EventDate "2011.08.21"]
[EventType "swiss"]
[EventRounds "9"]
[EventCountry "ITA"]
[SourceTitle "CBM 144 Extra"]
[Source "ChessBase"]
[SourceDate "2011.10.28"]
[SourceVersion "1"]
[SourceVersionDate "2011.10.28"]
[SourceQuality "1"]

1. e4 c5 2. Nf3 Nc6 3. d4 cxd4 4. Nxd4 e5 5. Nb5 d6 6. c4 a6 7. N5a3 Be7 8. Nc3 Be6 9. Nc2 Nf6 10. Ne3 0-0 11. Be2 Nd4 12. 0-0 Rc8 13. Ned5 Kh8 14. Be3 Bxd5 15. cxd5 Nxe2+ 16. Qxe2 Qd7 17. h3 b5 18. a3 Rc4 19. Bg5 h6 20. Bxf6 Bxf6 21. a4 Rfc8 22. axb5 axb5 23. Ra5 b4 24. Na4 Qc7 25. Ra6 Rc2 26. Qe3 Bg5 27. Qa7 Qc4 28. Nb6 Qe2 29. Nxc8 Bh4 30. Raa1 1-0

[Event "Porto San Giorgio op 23rd"]
[Site "Porto San Giorgio"]
[Date "2011.08.22"]
[Round "2"]
[White "Somma, Andrea"]
[Black "Moroni, Luca Jr"]
[Result "0-1"]
[WhiteElo "1851"]
[BlackElo "1964"]
[PlyCount "70"]
[EventDate "2011.08.21"]
[EventType "swiss"]
[EventRounds "9"]
[EventCountry "ITA"]
[SourceTitle "CBM 144 Extra"]
[Source "ChessBase"]
[SourceDate "2011.10.28"]
[SourceVersion "1"]
[SourceVersionDate "2011.10.28"]
[SourceQuality "1"]

1. e4 c5 2. Nf3 d6 3. d4 cxd4 4. Nxd4 Nf6 5. Nc3 a6 6. Bc4 e6 7. Bb3 Be7 8. Be3 0-0 9. Qe2 Nc6 10. 0-0-0 Nxd4 11. Bxd4 Qc7 12. e5 Ne8 13. f4 Bd7 14. g4 a5 15. Ba4 Bxa4 16. Nxa4 Qc6 17. Nc3 d5 18. h4 Nc7 19. g5 b5 20. h5 b4 21. Nb1 Nb5 22. g6 h6 23. Be3 Rac8 24. gxf7+ Rxf7 25. Rhg1 d4 26. Bxd4 Nxd4 27. Rxd4 Bc5 28. Rc4 Be3+ 29. Qxe3 Qxc4 30. Qf2 Rxf4 31. Qd2 Rf1+ 32. Rxf1 Qxf1+ 33. Qd1 Qxd1+ 34. Kxd1 Rc5 35. c3 Rxe5 0-1

[Event "Napoli Estate al Vomero op 5th"]
[Site "Napoli"]
[Date "2011.05.19"]
[Round "3"]
[White "Somma, Andrea"]
[Black "Esposito, Rosario"]
[Result "1/2-1/2"]
[WhiteElo "1590"]
[BlackElo "1841"]
[PlyCount "78"]
[EventDate "2011.05.08"]
[EventType "swiss"]
[EventRounds "7"]
[EventCountry "ITA"]
[SourceTitle "EXT 2018"]
[Source "ChessBase"]
[SourceDate "2017.10.13"]
[SourceVersion "1"]
[SourceVersionDate "2017.10.13"]
[SourceQuality "1"]

1. e4 c5 2. Nf3 e6 3. Bc4 a6 4. a4 Nc6 5. c3 d5 6. exd5 exd5 7. Qe2+ Be6 8. Bb3 c4 9. Bc2 Be7 10. h3 Qd7 11. d3 h6 12. dxc4 dxc4 13. Nbd2 Nf6 14. Nxc4 Bxc4 15. Qxc4 0-0 16. 0-0 Na5 17. Qe2 Qc7 18. b4 Nc4 19. Bb3 Nb6 20. Bb2 Rfe8 21. a5 Nbd5 22. Qc4 Qxc4 23. Bxc4 Rac8 24. Nd2 Bd6 25. Rfd1 Be5 26. Rac1 Nxb4 27. cxb4 Bxb2 28. Rc2 Be5 29. Rdc1 Rcd8 30. Nf3 Bb8 31. b5 axb5 32. Bxb5 Re6 33. Rc8 Red6 34. Rxd8+ Rxd8 35. Rb1 Ne4 36. Re1 Nc3 37. Bc4 Rd1 38. Rxd1 Nxd1 39. Bd5 Bc7 1/2-1/2

[Event "Napoli Vomero Inverno op 4th"]
[Site "Napoli"]
[Date "2009.02.12"]
[Round "6"]
[White "Esposito, Rosario"]
[Black "Somma, Andrea"]
[Result "1-0"]
[WhiteElo "1867"]
[BlackElo "1392"]
[PlyCount "53"]
[EventDate "2009.01.08"]
[EventType "swiss"]
[EventRounds "7"]
[EventCountry "ITA"]
[SourceTitle "EXT 2011"]
[Source "ChessBase"]
[SourceDate "2010.11.26"]
[SourceVersion "1"]
[SourceVersionDate "2010.11.26"]
[SourceQuality "1"]

1. d4 d5 2. c4 dxc4 3. e4 Nc6 4. Nf3 Bg4 5. Be3 Bxf3 6. gxf3 b5 7. b3 cxb3 8. Bxb5 Qd7 9. Qxb3 e6 10. d5 exd5 11. exd5 Bb4+ 12. Nd2 Bxd2+ 13. Bxd2 Qe7+ 14. Qe3 Qxe3+ 15. fxe3 Nge7 16. Bxc6+ Nxc6 17. dxc6 0-0 18. Rb1 Rfe8 19. Rb7 Re7 20. Kf2 Rd8 21. Bb4 Re6 22. Rxc7 Rde8 23. Bc5 a5 24. Rd1 Rb8 25. Rb7 Rc8 26. c7 h6 27. Rd8+ 1-0

[Event "Napoli Vomero Inverno op 4th"]
[Site "Napoli"]
[Date "2009.01.15"]
[Round "2"]
[White "Cosenza, Gianni"]
[Black "Somma, Andrea"]
[Result "1-0"]
[WhiteElo "1944"]
[BlackElo "1392"]
[PlyCount "59"]
[EventDate "2009.01.08"]
[EventType "swiss"]
[EventRounds "7"]
[EventCountry "ITA"]
[SourceTitle "EXT 2011"]
[Source "ChessBase"]
[SourceDate "2010.11.26"]
[SourceVersion "1"]
[SourceVersionDate "2010.11.26"]
[SourceQuality "1"]

1. e4 e5 2. Nf3 Nc6 3. Bb5 Nge7 4. 0-0 a6 5. Ba4 b5 6. Bb3 Ng6 7. c3 Be7 8. d4 exd4 9. cxd4 0-0 10. Nc3 b4 11. Nd5 d6 12. h3 Be6 13. Qc2 Na5 14. Nxb4 Rb8 15. Bxe6 Rxb4 16. a3 Rb6 17. Ba2 Qb8 18. b4 Rc6 19. Qd3 Nb7 20. Be3 Rb6 21. d5 c5 22. dxc6 Rxc6 23. Bd5 Bf6 24. Bxc6 Bxa1 25. Rxa1 Qa8 26. b5 axb5 27. Qxb5 Rb8 28. a4 Ne7 29. Bxb7 Rxb7 30. Qd3 1-0